01347nam a2200337 a 4500001001000000003000500010005001700015008004100032010001100073011001100084040000900095090001000104100004200114245016700156260004100323500006000364502008600424590004100510590004000551590004000591650003700631650003000668650003000698650005500728856007000783901000700853942001000860942000600870999001900876952011400895000115837CHAP20220329144550.0190715s2019 mx a |sm |||||||spa d a112298 a113270 cCHAP aTesis1 aMendoza González, Josías.913648310aProceso de certificación de calidad e inocuidad bajo la norma BRC versión 6.0 de una planta productora de cafeh[En línea]cpor Josías Mendoza González. aChapingo, Méx. :bEl autor,c2019. aPara ver el contenido del material haga clic en la liga aTesis (Ing. Agroindustrial ) -- UACH. Departamento de Ingeniería Agroindustrial aBATCH-UPDb05c20190715lUCH01h1128 aE6339RRRb05c20190715lUCH01h1128 aE6339RRRb05c20190715lUCH01h112814aCaféxCertificación.913530714aCaféxIndustria.91715714aCaféxProcesado.91718814aIndustria alimentariaxControl de calidad.9136140 aFinding aiduhttp://10.13.5.2/tesis/sist115837.pdfzTeclea aquí aBK cTESIS n0 c112298d112298 00102local40718TESISaBCbBCd2019-07-15fTESISl0oTesisp115848-10r2019-12-31 00:00:00w2019-07-15yCD